| 000 | 00706nam a2200217Ia 4500 | ||
|---|---|---|---|
| 001 | 9718 | ||
| 003 | GE_BSU | ||
| 008 | 181216s||||||||xx |||||||||||||| ||und|| | ||
| 040 | _cGE_BSU | ||
| 080 | _a821.353.1-1+821.353.1-2 | ||
| 100 | _aმოსაშვილი,ილო | ||
| 245 | _aლექსები,პოემა,პიესა. | ||
| 245 | _cრედ:გ.ხუხაშვილი;მხატვ:.გ.გორდელაძე | ||
| 260 | _aთბილისი. | ||
| 260 | _bსახელგამი | ||
| 260 | _c1954 | ||
| 300 | _a352გვ;21სმ | ||
| 300 | _b1ფ.პორტრ. | ||
| 653 | _aლექსები,პოემა,პიესა. | ||
| 942 | _cBK | ||
| 999 |
_c43001 _d43001 |
||